01826cam a2200289 a 45000010009000000050017000090080041000260100017000670200015000840400018000990430012001170820021001291000028001502450112001782600090002903000041003805000211004215040054006325050519006866500053012056510033012587000028012917100042013199060045013619990013014069520117014191317275020220326193309.0030422s2003 nyua b 000 0 eng  a 2003009394 a0874271347 aDLCcDLCdDLC an-us---00a700.904.9bR579a aRinder, Lawrence.9197304aThe American effect :bglobal perspectives on the United States, 1990-2003 /cLawrence Rinder ... [et al.]. aNew York :bWhitney Museum of American Art :bDistributed by Harry N. Abrams,cc2003. a215 p. :bill. (some col.) ;c30 cm. aPublished on the occasion of the exhibition of the same name held at the Whitney Museum of American Art, New York, July 3-October 12, 2003. Includes list of works in the exhibition and artists' biographies. aIncludes bibliographical references (p. 189-193). tArtis indextForewordrMaxwell L. AndersontSelected BiographyrSean RochatWorks in the exhibition tArtists´ BiographytAcknowledmentsrLawrence Rinder tThe american effect rLawrence Rinder tFreedomrPramoedya Ananta Toer tAbundancerLuca Sante tAmerican TribalismrCaryl Phillips tExile and Resistance rNawal El SaadawitHegemonyrTariq Ali tHow I met America rAleksander Zograf tSweet Violence rIan BurumatGlobal Crisis Over Iraq rEdward SaidtAmerizanization, Hispanization rElena Poniatowska 0aCivilization, ModernxAmerican influences.91974 0aUnited StatesvIn art.919751 aRinder, Lawrence.919762 aWhitney Museum of American Art.91977 a7bcbccorignewd1eecipf20gy-gencatlg c411d411 00102ddc4070aLVbLVcColectivasd2015-01-23l0o700.904.9 R579ap000446r2015-01-23 00:00:00w2015-01-23y01